Statistics for 2018 FIFA World Cup Coaches

Click here to take the quiz!

General Stats

  • This quiz has been taken 153 times
    (112 since last reset)
  • The average score is 10 of 32

Answer Stats

CountryCoach% Correct
FranceDidier Deschamps
90%
GermanyJoachim Löw
89%
EnglandGareth Southgate
84%
BelgiumRoberto Martínez
78%
BrazilTite
73%
PortugalFernando Santos
70%
SpainFernando Hierro
57%
CroatiaZlatko Dalic
52%
UruguayÓscar Tabárez
49%
ArgentinaJorge Sampaoli
45%
IranCarlos Queiroz
36%
SwitzerlandVladimir Petkovic
34%
SenegalAliou Cissé
33%
RussiaStanislav Cherchesov
30%
ColombiaJosé Néstor Pékerman
29%
MexicoJuan Carlos Osorio
25%
PolandAdam Nawalka
21%
EgyptHéctor Cúper
17%
AustraliaBert van Marwijk
16%
Saudi ArabiaJuan Antonio Pizzi
15%
MoroccoHervé Renard
13%
PeruRicardo Gareca
13%
SerbiaMladen Krstajic
10%
PanamaHernán Gómez
8%
SwedenJanne Andersson
8%
DenmarkAge Hareide
7%
NigeriaGernot Rohr
7%
JapanAkira Nishino
6%
IcelandHeimir Hallgrímsson
6%
TunisiaNabil Maaloul
5%
Costa RicaÓscar Ramírez
5%
South KoreaTae-Yong Shin
5%

Score Distribution

Percentile by Number Answered

Percent of People with Each Score

Your Score History

You have not taken this quiz since the last reset